<?xml version="1.0" encoding="UTF-8"?>
<marc:record xmlns:marc="http://www.loc.gov/MARC21/slim">
   <marc:leader>00000nam a2200000 a 4500</marc:leader>
   <marc:datafield ind1="1" ind2=" " tag="100">
      <marc:subfield code="a">Wood, Maryrose</marc:subfield>
      <marc:subfield code="4">aut</marc:subfield>
      <marc:subfield code="e">Verfasser/-in</marc:subfield>
   </marc:datafield>
   <marc:datafield ind1="0" ind2="0" tag="245">
      <marc:subfield code="a">Wild währt am längsten</marc:subfield>
   </marc:datafield>
   <marc:datafield ind1="0" ind2="0" tag="245">
      <marc:subfield code="c">Maryrose Wood</marc:subfield>
   </marc:datafield>
   <marc:datafield ind1=" " ind2="1" tag="264">
      <marc:subfield code="a">Stuttgart</marc:subfield>
      <marc:subfield code="b">Thienemann</marc:subfield>
      <marc:subfield code="c">2015</marc:subfield>
   </marc:datafield>
   <marc:datafield ind1="1" ind2=" " tag="490">
      <marc:subfield code="a">Das Geheimnis von Ashton Place</marc:subfield>
      <marc:subfield code="v">5</marc:subfield>
   </marc:datafield>
   <marc:datafield ind1="1" ind2=" " tag="520">
      <marc:subfield code="a">Angaben aus der Verlagsmeldung

Das Geheimnis von Ashton Place, Band 5: Wild währt am längsten / von Maryrose Wood

Aufregung in Ashton Place: Lady Constance erwartet ein Baby! Doch wird der Ashton-Sprössling ebenfalls bei Vollmond bellen und andere sonderbare Eigenheiten seines Vaters annehmen? Um die Beschwerden der zukünftigen Mutter zu lindern, bekommt diese mitten im Winter eine Kur in die Küstenstadt Brighton verordnet. Penelope hofft, endlich hinter das Geheimnis ihrer wilden Schützlinge zu kommen. Denn sie weiß, dass das Schicksal der drei Unerziehbaren auf seltsame Art und Weise mit dem der Familie Ashton in Verbindung steht. Doch was hat die wilde Familie Babushkinov mit alldem zu tun?
</marc:subfield>
   </marc:datafield>
   <marc:datafield ind1=" " ind2=" " tag="020">
      <marc:subfield code="a">9783522184182</marc:subfield>
      <marc:subfield code="9">9783522184182</marc:subfield>
   </marc:datafield>
   <marc:datafield ind1=" " ind2=" " tag="020">
      <marc:subfield code="a">3522184181</marc:subfield>
      <marc:subfield code="9">3522184181</marc:subfield>
   </marc:datafield>
   <marc:datafield ind1=" " ind2=" " tag="300">
      <marc:subfield code="a">383 Seiten</marc:subfield>
   </marc:datafield>
</marc:record>
